| 000 | 00673nam a2200193 a 4500 | ||
|---|---|---|---|
| 001 | 000011692 | ||
| 005 | 20200929162529.0 | ||
| 008 | 091023s1969 mx 001 0 spa d | ||
| 040 |
_aDO-SdBNP _bspa _cBNPHU |
||
| 082 |
_a863.64 _bA973ó |
||
| 100 | 1 |
_aAyala, Francisco, _q(Francisco Ayala García-Duarte), _d1934-2009. _927717 |
|
| 245 | 1 | 0 |
_aObras narrativas completas / _cFrancisco Ayala ; prólogo, Andrés Amorós. |
| 260 |
_aMéxico : _bAguilar, _c1969. |
||
| 300 |
_a1395 p. ; _c18 cm. |
||
| 650 | 4 |
_aNovela española _vCOLECCIONES _927718 |
|
| 650 | 4 |
_aLiteratura española _ySIGLO XX _vCOLECCIONES _925098 |
|
| 700 | 1 |
_aAmorós, Andrés, _epról. _915570 |
|
| 049 | _aBNGR | ||
| 999 |
_c11376 _d11376 |
||